00805 a2200205 4500003000500000005001700005040000900022082001000031100003400041245013000075260003200205300001400237505016400251538002900415650001400444651001100458942000800469999001900477952010300496Nust20170207153207.0 cNust a005.1 aAwan, Ahmed Rahat ( MSCS-7) aDesign and implementation of radio network and packet data servicing Node (R-P) interface over CDMA2000cRahat Ahmed Awan  aRawalpindibMCS, NUSTc2005 avii,88,p; aIntroduction (page-1) Functional model of 3GPP2 (page-11) R-P Interface (page-19) R-P (A10/11) interface procedures (page-33) Analysis and conclusion (page-62) aAlmirah No 73 Shelf No 1 aPG Thesis aMSCS-7 cTHS c181259d181259 00102ddc40708NFICaMCSbMCSd2016-12-12l0o005.1 AHMpMCSTCS-49r2016-12-08w2016-12-12yBK